000
00286nam a2200121 a 4500
008
100914s1971|||| d
100
1
_a
Dhôtel, André
245
1
0
_a
Gaspardove dobrodružstvá
020
_c
14
044
_a
xo
_c
SK
041
_a
slo
260
_a
Bratislava
_b
Pravda
_c
1971
999
_c
10303
_d
10303